Loading...
Fine Arts - Classical Music | 0 | 8 | 0 | 0 | 80 | 51 | 100.25 | 1 | 4 |
Literature - American Literature | 0 | 6 | 0 | 0 | 60 | 90 | 111.83 | 0 | 1 |
Literature - British Literature | 0 | 5 | 0 | 0 | 50 | 126 | 135.80 | 0 | 1 |
Literature - European Literature | 0 | 5 | 0 | 0 | 50 | 58 | 110.20 | 0 | 2 |
Fine Arts - Visual Fine Arts | 0 | 5 | 0 | 0 | 50 | 108 | 125.40 | 0 | 0 |
Science - Biology | 0 | 5 | 1 | 1 | 45 | 32 | 83.40 | 1 | 4 |
Science - Chemistry | 0 | 4 | 0 | 0 | 40 | 108 | 116.75 | 0 | 0 |
Science - Other Science | 0 | 4 | 0 | 0 | 40 | 83 | 110.00 | 0 | 1 |
Mythology | 0 | 4 | 0 | 2 | 40 | 62 | 112.50 | 0 | 1 |
Social Science | 0 | 2 | 0 | 0 | 20 | 62 | 97.00 | 1 | 1 |
Philosophy | 0 | 2 | 0 | 1 | 20 | 105 | 115.50 | 0 | 1 |
History - European History | 0 | 2 | 1 | 1 | 15 | 128 | 130.00 | 0 | 0 |
Fine Arts - Other Fine Arts | 0 | 1 | 0 | 1 | 10 | 134 | 134.00 | 0 | 0 |
Religion | 0 | 1 | 0 | 0 | 10 | 117 | 117.00 | 0 | 1 |
Other Academic | 0 | 1 | 0 | 1 | 10 | 129 | 129.00 | 0 | 0 |
Science - Physics | 0 | 1 | 0 | 0 | 10 | 126 | 126.00 | 0 | 0 |
Literature - World/Other Literature | 0 | 2 | 2 | 0 | 10 | 133 | 133.00 | 0 | 0 |
History - Other History | 0 | 1 | 1 | 0 | 5 | 129 | 129.00 | 0 | 0 |
History - World History | 0 | 1 | 1 | 0 | 5 | 122 | 122.00 | 0 | 0 |